| 000 | 00545nam a22002057a 4500 | ||
|---|---|---|---|
| 003 | OSt | ||
| 005 | 20220107122812.0 | ||
| 008 | 160511b xxu||||| |||| 00| 0 eng d | ||
| 020 | _a9781680941289 | ||
| 040 | _cIIITMK | ||
| 082 | _aR 006.6 KWO/C | ||
| 100 |
_aKwok, Wen _99324 |
||
| 245 |
_aComputer graphics handbook _cWen Kwok et.al.(Eds.) |
||
| 260 |
_aNew York, _bArcler Press, _c2016. |
||
| 300 | _axi, 281p. | ||
| 650 |
_aCOMPUTER SCIENCE _99325 |
||
| 650 |
_aCOMPUTER GRAPHICS _99326 |
||
| 700 |
_aIshutin, Oleg _99327 |
||
| 942 |
_2ddc _cBK |
||
| 999 |
_c5138 _d5138 |
||